Por qué Marx tenía razón /
Se ofrece una introducción al pensamiento de Karl Marx para posteriormente ofrecer un análisis de las ideas de este pensador alemán y enunciar si las mismas han estado equivocadas del todo. Partiendo de que su obra El manifiesto comunista, fue el texto más influyente del siglo XIX y que provocó un c...
Guardado en:
| Autor principal: | |
|---|---|
| Otros autores: | |
| Formato: | Libro |
| Idioma: | Español |
| Publicado: |
Barcelona, España:
Península
2012, c2011
|
| Colección: | (Atalaya ;
439) |
| Temas: | |
| Etiquetas: |
Sin etiquetas, Sé el primero en etiquetar este registro!
|
MARC
| LEADER | 00000nam^a2200000^a^4500 | ||
|---|---|---|---|
| 001 | 000324301 | ||
| 005 | 20250521000000.0 | ||
| 009 | 20260310113704.326 | ||
| 020 | |a 978-84-9942-115-5 | ||
| 037 | |a Acervo ITESO - Biblioteca | ||
| 041 | |a ESP | ||
| 082 | |a 146. 32 |b MAR EST EAG | ||
| 100 | |a Eagleton, Terry |e (autor) | ||
| 245 | 1 | 0 | |a Por qué Marx tenía razón / |c T. Eagleton ; tr. por A. Santos. |
| 264 | 4 | |a Barcelona, España: |b Península |c 2012, c2011 | |
| 300 | |a 250 p. | ||
| 336 | |a texto |b txt |2 rdacontenido | ||
| 337 | |a sin mediación |b n |2 rdamedio | ||
| 338 | |a volumen |b nc |2 rdasoporte | ||
| 440 | 1 | |a (Atalaya ; |v 439) | |
| 500 | |a Traducción de: Why Marx Was Right | ||
| 520 | |a Se ofrece una introducción al pensamiento de Karl Marx para posteriormente ofrecer un análisis de las ideas de este pensador alemán y enunciar si las mismas han estado equivocadas del todo. Partiendo de que su obra El manifiesto comunista, fue el texto más influyente del siglo XIX y que provocó un cambio en el curso de la historia real que no lo hicieron otros personajes de su tiempo, el autor afirma que hay consistencia en gran parte de su obra como para dejarlo en el olvido. | ||
| 649 | |a XX | ||
| 650 | |a Filósofos Alemanes | ||
| 650 | |a Marxismo - |x Historia y Crítica - |x Tema Principal | ||
| 650 | |a Filosofía del Siglo XIX - |z Alemania - |x Historia y Crítica | ||
| 650 | |a Política - |x Teoría | ||
| 650 | |a Marx, Karl - |x Tema Principal | ||
| 700 | |a Santos, Albino |e (traducción) | ||
| 910 | |a Fondo General | ||
| 920 | |a Impresos - Libros | ||
| 930 | |a Colección General | ||
| 905 | |a 101 | ||
| 901 | |a 0500212520 |b IT1 |c ACC |i C133198 |u 20250521 | ||
| 902 | |a https://opac.biblio.iteso.mx/vufind/Record/000324301 | ||